Základy operačnej analýzy úlohy, technika a cvičenia

Guardado en:
Detalles Bibliográficos
Autor principal: Makower, M.S
Formato: Libro
Lenguaje:eslovaco
Publicado: Bratislava Alfa 1970
Colección:Edícia ekonomickej literatúry
Etiquetas: Agregar Etiqueta
Sin Etiquetas, Sea el primero en etiquetar este registro!

MARC

LEADER 00000nam a2200000 4500
001 c131811
005 20250523092751.8
041 0 |a slo 
044 |a SK 
245 1 0 |a Základy operačnej analýzy  |b úlohy, technika a cvičenia  |c M.S. Makower 
264 1 |a Bratislava  |b Alfa  |c 1970 
300 |a 214 s. 
490 1 |a Edícia ekonomickej literatúry 
830 0 |a Edícia ekonomickej literatúry 
100 1 |a Makower, M.S.